书目信息 |
| 题名: |
水资源管理与实践
|
|
| 作者: | 林洪孝 主编 | |
| 分册: | ||
| 出版信息: | 北京 中国水利水电出版社 2012.08 |
|
| 页数: | 362页 | |
| 开本: | 21cm | |
| 丛书名: | ||
| 单 册: | ||
| 中图分类: | TV213.4 | |
| 科图分类: | ||
| 主题词: | 水利资源开发 | |
| 电子资源: | ||
| ISBN: | 7-5170-0134-5 | |
| 000 | 00621nam0 2200205 450 | |
| 001 | 1555337765 | |
| 005 | 20151218152512.26 | |
| 010 | @a7-5170-0134-5@dCNY36.00 | |
| 100 | @a20151218d2012 km y0chiy0120 ea | |
| 101 | 0 | @achi |
| 102 | @aCN@b110000 | |
| 200 | 1 | @a水资源管理与实践@Ashui zi yuan guan li yu shi jian@f林洪孝 主编@Flin hong xiao zhu bian |
| 205 | @a2版 | |
| 210 | @a北京@c中国水利水电出版社@d2012.08 | |
| 215 | @a362页@d21cm | |
| 606 | 0 | @a水利资源开发 |
| 690 | @aTV213.4@v4 | |
| 701 | 0 | @a林洪孝@Alin hong xiao@4主编 |
| 801 | 0 | @aCN@b大连网信软件有限公司图书馆·11@c20151218 |
| 905 | @aZUCC@dTV213.4@eL5071=2 | |
| 水资源管理与实践/林洪孝 主编.-2版.-北京:中国水利水电出版社,2012.08 |
| 362页;21cm |
| ISBN 7-5170-0134-5:CNY36.00 |
| ● |
| 相关链接 |
|
|
|
正题名:水资源管理与实践
索取号:TV213.4/L5071=2
 
预约/预借
| 序号 | 登录号 | 条形码 | 馆藏地/架位号 | 状态 | 备注 |
| 1 | 1235247 | 212352470 | 法学院资料室/ [索取号:TV213.4/L5071=2] | 在馆 |